01532nam a22003374a 4500001001200000003000800012006001900020007001500039008004100054010001700095020003500112040002100147035002100168050002400189082001900213100002200232245009400254250001200348260005900360300002300419504005100442505028200493533015200775650002900927650002900956655002900985700002001014710001701034856012601051999001701177ebr10236602CaPaEBRm u cr cn|||||||||030505s2003 enka sb 001 0 eng  z 2003010441 z0632059044 (pbk. : alk. paper) aCaPaEBRcCaPaEBR a(OCoLC)64675540014aRD536b.M275 2003eb04a617.5/40592211 aMargereson, Carl.10aCardiothoracic surgical nursingh[electronic resource] /cCarl Margereson, Jillian Riley. a1st ed. aOxford, OX ;aMalden, MA :bBlackwell Science,cc2003. axi, 233 p. :bill. aIncludes bibliographical references and index.0 aThe development of cardiothoracic surgical nursing -- Epidemiology of cardiac and respiratory diseases -- Applied respiratory and cardiac physiology -- Pre-operative preparation -- Intraoperative issues -- Post-operative care following cardiothoracic surgery -- Returning home. aElectronic reproduction.bPalo Alto, Calif. :cebrary,d2013.nAvailable via World Wide Web.nAccess may be limited to ebrary affiliated libraries. 0aChestxSurgeryxNursing. 0aHeartxSurgeryxNursing. 7aElectronic books.2local1 aRiley, Jillian.2 aebrary, Inc.40uhttp://site.ebrary.com/lib/rucke/Doc?id=10236602zAn electronic book accessible through the World Wide Web; click to view c36493d36493